Technologické pohľady na tepelné spracovanie zvarkov

Bibliographic Details
Main Author: Šinál, Jozef (Author)
Format: Article
Language:Slovak
Subjects:

MARC

LEADER 00000nab a2200000 a 4500
001 vtls000040645
003 SK-MaSNL
005 20260304063114.0
008 250422c1979 xo 0 slo
015 |a SNBRB19rr/mm-uuuuu 
035 |a CL0050740 
035 |a urn:nbn:sk:snk-ab6p7q 
035 |a (uuid)d7c147fb-6782-4a96-abe1-d7d76d4c4f71 
035 |a (urnnbn)urn:nbn:sk:snk:ar-005q2o 
035 |a (sysno)vtls000040645 
040 |a SNKBUCL  |b slo  |c SNKBUCL  |e AACR2 
041 0 |a slo 
044 |a xo  |c SK 
080 |a 621.78  |2 1981 
080 |a 621.791  |2 1981 
100 1 |a Šinál, Jozef  |4 aut  |9 1174788 
245 1 0 |a Technologické pohľady na tepelné spracovanie zvarkov  |c Jozef Šinál 
300 |b Obr. 4. Tb. 5. 
650 0 7 |a žíhanie  |2 snkbucl  |9 872168 
650 0 7 |a zvarky  |2 snkbucl  |9 277084 
655 7 |a články z novín a časopisov  |2 snkbucl  |9 267496 
773 0 |t Zváranie  |g Roč. 28, č. 8 (1979), s. 242-248 
850 |a Slovenská národná knižnica 
852 |a Slovenská národná knižnica 
954 |a odborná, vedecká literatúra pôvodná (slovenská)  |2 lita 
958 |a article 
958 |a OND 
958 |a RK 
958 |a EUIPO 
992 |a RBX 
999 |c 2741069  |d 2742999